[Event "Gibraltar Masters 12th"]
[Site "Caleta"]
[Date "2014.02.02"]
[Round "6"]
[White "Kamsky, Gata"]
[Black "Dvirnyy, Danyyil"]
[Result "1-0"]
[WhiteElo "2709"]
[BlackElo "2574"]
[PlyCount "77"]
[EventDate "2014.01.28"]
[EventType "swiss"]
[EventRounds "10"]
[EventCountry "GGB"]
[SourceTitle "CBM 159"]
[Source "ChessBase"]
[SourceDate "2014.03.17"]
[SourceVersion "1"]
[SourceVersionDate "2014.03.17"]
[SourceQuality "1"]

1. e4 e5 2. Nf3 Nc6 3. Bb5 a6 4. Ba4 Nf6 5. O-O b5 6. Bb3 Bc5 7. c3 d6 8. d4
Bb6 9. Be3 O-O 10. Nbd2 Bb7 11. Re1 h6 12. h3 Re8 13. d5 Na5 14. Bxb6 cxb6 15.
Bc2 Nc4 16. Rb1 Nxd2 17. Nxd2 Bc8 18. Nf1 g6 19. Qd2 Kg7 20. Ng3 Nh7 21. Qe3 h5
22. Nf1 Qg5 23. Rbc1 h4 24. Bd3 Bd7 25. Qxg5 Nxg5 26. Ne3 f5 27. exf5 e4 28.
f6+ Kxf6 29. Be2 Rec8 30. Rcd1 Rc5 31. Rd4 Rac8 32. Bg4 Bf5 33. Ra1 Nf7 34. Be2
a5 35. a3 Ne5 36. Rf1 Re8 37. g4 Bd7 38. Rxe4 g5 39. f4 1-0

[Event "RUS-chT 21st"]
[Site "Loo"]
[Date "2014.04.07"]
[Round "1.5"]
[White "Chernobay, Artem"]
[Black "Kamsky, Gata"]
[Result "1/2-1/2"]
[WhiteElo "2501"]
[BlackElo "2714"]
[PlyCount "184"]
[EventDate "2014.04.07"]
[EventType "team-swiss"]
[EventRounds "7"]
[EventCountry "RUS"]
[SourceTitle "CBM 160"]
[Source "ChessBase"]
[SourceDate "2014.05.15"]
[SourceVersion "1"]
[SourceVersionDate "2014.05.15"]
[SourceQuality "1"]
[WhiteTeam "Moscow Region"]
[BlackTeam "Kazan"]
[WhiteTeamCountry "RUS"]
[BlackTeamCountry "RUS"]

1. e4 e5 2. Nf3 Nc6 3. Bb5 a6 4. Ba4 Nf6 5. O-O Be7 6. Re1 b5 7. Bb3 d6 8. c3
O-O 9. h3 Nb8 10. d4 Nbd7 11. Nbd2 Bb7 12. Bc2 Re8 13. a4 Bf8 14. Bd3 c6 15. b3
g6 16. Bb2 exd4 17. cxd4 d5 18. Rc1 bxa4 19. bxa4 c5 20. exd5 Rxe1+ 21. Qxe1
Bxd5 22. Bc4 Bg7 23. Qe2 cxd4 24. Bxd4 Qa5 25. Bxd5 Qxd5 26. Qc4 Qxc4 27. Rxc4
Nd5 28. a5 Re8 29. Rc6 Bxd4 30. Nxd4 Nb4 31. Rd6 Re1+ 32. Kh2 Nc5 33. N4b3 Ncd3
34. Rd4 Re2 35. f4 Kg7 36. Nf3 Re3 37. Nc1 Nxc1 38. Rxb4 Ne2 39. Rb7 Nxf4 40.
Ng5 Re5 41. Nxf7 Rxa5 42. Ne5+ Kf6 43. Ng4+ Ke6 44. Rxh7 Ra2 45. Ne3 a5 46. Kg3
Ne2+ 47. Kf3 Nd4+ 48. Ke4 Ra4 49. Kd3 Nc6 50. Nc4 Ra2 51. Rc7 Kd5 52. Kc3 Re2
53. Rg7 Re6 54. h4 Re4 55. Nxa5 Nxa5 56. Rxg6 Nc6 57. g3 Ne5 58. Rg8 Re3+ 59.
Kc2 Ke4 60. g4 Rh3 61. g5 Rxh4 62. g6 Rh6 63. g7 Rc6+ 64. Kb3 Rb6+ 65. Kc3 Rb7
66. Kc2 Re7 67. Kb3 Nd7 68. Kc4 Ke5 69. Rh8 Rxg7 70. Rh5+ Ke6 71. Rh6+ Nf6 72.
Kd4 Rg4+ 73. Kd3 Ke5 74. Rh8 Rd4+ 75. Kc2 Rd7 76. Kc3 Ne4+ 77. Kc4 Rc7+ 78. Kb5
Rc1 79. Rh5+ Kd4 80. Kb6 Nf6 81. Rh4+ Kd5 82. Rh2 Nd7+ 83. Kb7 Nc5+ 84. Kb6
Rb1+ 85. Ka5 Nb3+ 86. Ka6 Nd4 87. Rh5+ Kc4 88. Rh4 Rb2 89. Rh5 Ne6 90. Ka5 Rb8
91. Rh4+ Nd4 92. Ka6 Kd5 1/2-1/2

[Event "RUS-chT 21st"]
[Site "Loo"]
[Date "2014.04.08"]
[Round "2.2"]
[White "Kamsky, Gata"]
[Black "Svidler, Peter"]
[Result "1/2-1/2"]
[WhiteElo "2714"]
[BlackElo "2756"]
[PlyCount "105"]
[EventDate "2014.04.07"]
[EventType "team-swiss"]
[EventRounds "7"]
[EventCountry "RUS"]
[SourceTitle "CBM 160"]
[Source "ChessBase"]
[SourceDate "2014.05.15"]
[SourceVersion "1"]
[SourceVersionDate "2014.05.15"]
[SourceQuality "1"]
[WhiteTeam "Kazan"]
[BlackTeam "St Petersburg"]
[WhiteTeamCountry "RUS"]
[BlackTeamCountry "RUS"]

1. e4 c5 2. Nf3 e6 3. c3 d5 4. exd5 exd5 5. d4 a6 6. Bd3 c4 7. Bc2 Bd6 8. O-O
Ne7 9. Bg5 f6 10. Bh4 Nbc6 11. Nbd2 Nf5 12. Re1+ Nce7 13. b3 b5 14. a4 Bd7 15.
Bxf5 Bxf5 16. Bg3 Kf7 17. Nh4 Be6 18. Qh5+ g6 19. Qh6 Bxg3 20. hxg3 Rc8 21.
axb5 axb5 22. b4 Ra8 23. Ndf3 Rxa1 24. Rxa1 Qb8 25. Nh2 Bd7 26. Nf1 Ng8 27. Qd2
Ne7 28. Qh6 Ng8 29. Qd2 Ne7 30. Ne3 Qb7 31. Ra5 Ra8 32. Qa2 Rxa5 33. Qxa5 Nc6
34. Qa1 Ne7 35. g4 h6 36. Nf3 Be6 37. Nd2 Nc6 38. Ndf1 Qa7 39. Qxa7+ Nxa7 40.
f4 Kg7 41. Kf2 Bf7 42. Ng3 Nc8 43. Kf3 Ne7 44. Nh1 Nc8 45. Nf2 Nd6 46. Kg3 Be6
47. Kh4 g5+ 48. Kg3 Kf8 49. Kf3 Ke7 50. Nf1 Bg8 51. Ne3 Be6 52. Kg3 Kd7 53. Kf3
1/2-1/2

[Event "RUS-chT 21st"]
[Site "Loo"]
[Date "2014.04.09"]
[Round "3.2"]
[White "Jobava, Baadur"]
[Black "Kamsky, Gata"]
[Result "1-0"]
[WhiteElo "2706"]
[BlackElo "2714"]
[PlyCount "105"]
[EventDate "2014.04.07"]
[EventType "team-swiss"]
[EventRounds "7"]
[EventCountry "RUS"]
[SourceTitle "CBM 160"]
[Source "ChessBase"]
[SourceDate "2014.05.15"]
[SourceVersion "1"]
[SourceVersionDate "2014.05.15"]
[SourceQuality "1"]
[WhiteTeam "Belorechensk"]
[BlackTeam "Kazan"]
[WhiteTeamCountry "RUS"]
[BlackTeamCountry "RUS"]

1. e4 e5 2. Nf3 Nc6 3. Be2 g6 4. d4 exd4 5. Nxd4 Bg7 6. Be3 Nf6 7. Nc3 O-O 8.
O-O d5 9. Nxc6 bxc6 10. e5 Ne8 11. Bd4 f6 12. exf6 Bxf6 13. Na4 Ng7 14. Nc5 Rb8
15. Rb1 a5 16. c3 Be7 17. b4 Bd6 18. Qd2 Nf5 19. a3 axb4 20. axb4 Nxd4 21. cxd4
Qf6 22. Qc3 Ra8 23. Rb2 Qf4 24. g3 Qf6 25. Kg2 Bf5 26. Nb7 Qe6 27. Kg1 Bh3 28.
Rc1 Be7 29. Bf1 Bxf1 30. Rxf1 Bf6 31. Na5 Rae8 32. Nxc6 h5 33. b5 h4 34. Qd3
Kg7 35. Rc2 Rf7 36. Kg2 h3+ 37. Kg1 g5 38. Nb4 g4 39. Rc6 Qe2 40. Qxe2 Rxe2 41.
Nxd5 Bxd4 42. Nf4 Rxf4 43. gxf4 Bb6 44. f5 Re4 45. Rd1 Rb4 46. Kf1 Kf7 47. Rd7+
Ke8 48. Rh7 Kd8 49. Rg6 Kc8 50. f6 Rf4 51. f7 Kb7 52. Rg8 Bc5 53. Rhh8 1-0

[Event "RUS-chT 21st"]
[Site "Loo"]
[Date "2014.04.10"]
[Round "4.4"]
[White "Kamsky, Gata"]
[Black "Fedoseev, Vladimir"]
[Result "1-0"]
[WhiteElo "2714"]
[BlackElo "2663"]
[PlyCount "81"]
[EventDate "2014.04.07"]
[EventType "team-swiss"]
[EventRounds "7"]
[EventCountry "RUS"]
[SourceTitle "CBM 160"]
[Source "ChessBase"]
[SourceDate "2014.05.15"]
[SourceVersion "1"]
[SourceVersionDate "2014.05.15"]
[SourceQuality "1"]
[WhiteTeam "Kazan"]
[BlackTeam "Chigorin CC"]
[WhiteTeamCountry "RUS"]
[BlackTeamCountry "RUS"]

1. d4 Nf6 2. Nf3 c5 3. d5 e6 4. c4 d6 5. Nc3 g6 6. e4 Bg7 7. Qa4+ Bd7 8. Qb3
exd5 9. exd5 O-O 10. Qxb7 Re8+ 11. Be2 Qb6 12. Qxa8 Na6 13. Qxe8+ Nxe8 14. a3
Bh8 15. O-O Ng7 16. Bd3 Nf5 17. Nb5 h6 18. Re1 g5 19. h3 Nc7 20. Nxc7 Qxc7 21.
Rb1 a5 22. b3 Qd8 23. Bb2 Bxb2 24. Rxb2 Qf6 25. Rbe2 h5 26. Bxf5 Bxf5 27. Re3
Kg7 28. Nxg5 Qxg5 29. Rg3 Bg4 30. hxg4 hxg4 31. Rge3 Kf6 32. g3 Qf5 33. Re4 Kg5
34. a4 Qf3 35. R1e3 Qf6 36. Kg2 Qd8 37. Re8 Qb6 38. R8e7 f5 39. Rg7+ Kf6 40.
Rd7 Kg5 41. Re6 1-0

[Event "RUS-chT 21st"]
[Site "Loo"]
[Date "2014.04.11"]
[Round "5.4"]
[White "Chekhov, Sergey"]
[Black "Kamsky, Gata"]
[Result "0-1"]
[WhiteElo "2477"]
[BlackElo "2714"]
[PlyCount "130"]
[EventDate "2014.04.07"]
[EventType "team-swiss"]
[EventRounds "7"]
[EventCountry "RUS"]
[SourceTitle "CBM 160"]
[Source "ChessBase"]
[SourceDate "2014.05.15"]
[SourceVersion "1"]
[SourceVersionDate "2014.05.15"]
[SourceQuality "1"]
[WhiteTeam "Voronezh Region"]
[BlackTeam "Kazan"]
[WhiteTeamCountry "RUS"]
[BlackTeamCountry "RUS"]

1. e4 d5 2. exd5 Qxd5 3. d4 Nf6 4. Nf3 c6 5. Be2 Bf5 6. O-O e6 7. c4 Qd8 8. Nc3
Be7 9. Qb3 Qb6 10. c5 Qxb3 11. axb3 a6 12. b4 O-O 13. b5 cxb5 14. Bxb5 Nbd7 15.
Ba4 Rfd8 16. Re1 Rac8 17. h3 Nb8 18. Bf4 Nc6 19. Bxc6 Rxc6 20. Ra3 Rcc8 21. Rb3
b5 22. Na2 Be4 23. Be5 Bb7 24. Nb4 Nd5 25. Nxd5 Bxd5 26. Ra3 f6 27. Bg3 Bxf3
28. Rxe6 Kf7 29. Rae3 Bf8 30. gxf3 Rxd4 31. Rxa6 Bxc5 32. Re2 h5 33. Kg2 h4 34.
Bh2 Rcd8 35. Rc6 R8d5 36. Bc7 Rg5+ 37. Kh2 Rd3 38. f4 Rgd5 39. Kg2 Kg6 40. Bb6
Bd6 41. Bc7 Bb4 42. Re4 Bc5 43. Re5 Rd2 44. Rxd5 Rxd5 45. Bb6 Bxb6 46. Rxb6 Kf5
47. Kf3 Rd3+ 48. Kg2 Rb3 49. Rb7 g6 50. Rh7 Rxb2 51. Rxh4 Rb4 52. Kg3 g5 53.
Rh8 Rxf4 54. Re8 Rc4 55. f3 b4 56. Re7 b3 57. Rb7 Rc3 58. Rb5+ Ke6 59. Kg4 Kd6
60. f4 Kc6 61. Rb8 Kc5 62. fxg5 fxg5 63. Rh8 b2 64. Rc8+ Kb4 65. Rh8 Rc5 0-1

[Event "RUS-chT 21st"]
[Site "Loo"]
[Date "2014.04.12"]
[Round "6.1"]
[White "Karjakin, Sergey"]
[Black "Kamsky, Gata"]
[Result "1/2-1/2"]
[WhiteElo "2772"]
[BlackElo "2714"]
[PlyCount "155"]
[EventDate "2014.04.07"]
[EventType "team-swiss"]
[EventRounds "7"]
[EventCountry "RUS"]
[SourceTitle "CBM 160"]
[Source "ChessBase"]
[SourceDate "2014.05.15"]
[SourceVersion "1"]
[SourceVersionDate "2014.05.15"]
[SourceQuality "1"]
[WhiteTeam "Sverdlovsk Region"]
[BlackTeam "Kazan"]
[WhiteTeamCountry "RUS"]
[BlackTeamCountry "RUS"]

1. e4 g6 2. d4 Bg7 3. Nc3 d6 4. f4 a6 5. Nf3 b5 6. Bd3 Nd7 7. e5 c5 8. Be4 Rb8
9. Ne2 Nh6 10. c3 cxd4 11. cxd4 e6 12. O-O Qb6 13. h3 Nf5 14. Kh2 Bb7 15. Bxb7
Qxb7 16. Ng3 Nxg3 17. Kxg3 Nb6 18. Qe2 O-O 19. Ng5 dxe5 20. dxe5 Nd5 21. Bd2
Rfc8 22. Rac1 Bf8 23. Ne4 Be7 24. Be3 Rxc1 25. Rxc1 Rc8 26. Rd1 Rc4 27. Bd4 Qc7
28. b3 Rc2 29. Rd2 Rc1 30. Rd1 f5 31. Nf2 Bh4+ 32. Kxh4 Nxf4 33. Qf3 Qd8+ 34.
Kg3 Rxd1 35. Qxd1 Qxd4 36. Qxd4 Ne2+ 37. Kf3 Nxd4+ 38. Ke3 Nc6 39. Nd3 a5 40.
a4 b4 41. Kf4 h6 42. h4 Kf7 43. Nc5 Ke7 44. Nb7 Kf8 45. Nc5 Kf7 46. Nb7 Ke7 47.
Nc5 Nd8 48. g4 fxg4 49. Kxg4 Nf7 50. Kf4 g5+ 51. hxg5 hxg5+ 52. Ke4 Nd8 53. Kd3
Nc6 54. Kc4 Nxe5+ 55. Kb5 Kf6 56. Ne4+ Kf5 57. Ng3+ Kf4 58. Nf1 g4 59. Kxa5 Nf3
60. Kxb4 Nd2 61. a5 Nxf1 62. a6 Ne3 63. a7 Nd5+ 64. Kc5 Nc7 65. Kc6 Na8 66. Kb7
g3 67. Kxa8 g2 68. Kb7 g1=Q 69. a8=Q Qg2+ 70. Kb8 Qxa8+ 71. Kxa8 Ke5 72. b4 Kd5
73. Kb7 e5 74. b5 e4 75. b6 e3 76. Ka8 e2 77. b7 e1=Q 78. b8=Q 1/2-1/2

[Event "RUS-chT 21st"]
[Site "Loo"]
[Date "2014.04.13"]
[Round "7.4"]
[White "Kamsky, Gata"]
[Black "Jakovenko, Dmitrij"]
[Result "0-1"]
[WhiteElo "2714"]
[BlackElo "2726"]
[Annotator "Schulz,Andre"]
[PlyCount "172"]
[EventDate "2014.04.07"]
[EventType "team-swiss"]
[EventRounds "7"]
[EventCountry "RUS"]
[SourceTitle "CBM 160"]
[Source "ChessBase"]
[SourceDate "2014.05.15"]
[SourceVersion "1"]
[SourceVersionDate "2014.05.15"]
[SourceQuality "1"]
[WhiteTeam "Kazan"]
[BlackTeam "Yugra"]
[WhiteTeamCountry "RUS"]
[BlackTeamCountry "RUS"]

1. e4 e5 2. Nf3 Nc6 3. Bc4 Bc5 4. c3 Nf6 5. d3 d6 6. O-O a6 (6... O-O 7. Bb3 h6
8. Nbd2 a6 9. Re1 Be6 10. Nf1 Bxb3 11. Qxb3 Qd7 12. Be3 Bxe3 13. Nxe3 Ne7 14.
Rad1 Ng6 15. Nf5 Rfe8 16. c4 Rab8 17. Qc3 Ne7 18. N3h4 c5 19. Nxe7+ Rxe7 20.
Nf5 Re6 21. b4 b5 22. Rb1 Rc8 23. Qa3 cxb4 24. Rxb4 bxc4 25. Rxc4 Rxc4 26. dxc4
Qc6 27. Qg3 Ne8 28. Qd3 Nf6 29. h3 Kh7 30. Kh2 g6 31. Ng3 Nd7 32. Qd5 Qb6 33.
Re2 Kg7 34. Qd3 h5 {1/2-1/2 (34) Zhigalko,S (2671)-Alekseev,E (2692) Riga 2014}
) 7. Bb3 Ba7 8. Re1 (8. Nbd2 O-O 9. h3 h6 10. Re1 {ist Zugumstellung.}) 8...
O-O 9. h3 h6 10. Nbd2 Re8 (10... Nh5) (10... Be6) 11. Nf1 Be6 12. Ng3 (12. Bc2
d5 13. exd5 (13. Qe2)) 12... Bxb3 (12... d5 13. Qe2 (13. exd5)) 13. Qxb3 (13.
axb3 Kh7 14. Nh2 d5 15. Qf3 Ne7 16. Ng4 Nxg4 17. hxg4 Kg8 18. Nf5 Nxf5 19. gxf5
dxe4 20. dxe4 Bc5 21. g3 Qf6 22. Kg2 Qc6 23. f6 Qxf6 24. Qxf6 gxf6 25. Bxh6
Rad8 26. b4 Bf8 27. Be3 Kg7 28. Rh1 Kg6 29. g4 Bg7 30. Rh5 Rh8 31. Rah1 Rxh5
32. gxh5+ Kh7 33. Kf3 b6 34. Kg4 a5 35. bxa5 bxa5 36. Ra1 Rb8 37. Rxa5 Rxb2 38.
Ra7 Bh6 39. Rxc7 Bxe3 40. fxe3 Kg7 {1-0 (40) Korneev,O (2554)-Aleksandrov,A 
(2639) Ourense 2009}) 13... Rb8 14. a4 $146 (14. Nf5) 14... d5 15. Qc2 a5 (
15... dxe4 16. dxe4 Qd7 17. Be3 Bxe3 18. Rxe3 Rbd8 19. Ree1 Qd3 20. Qxd3 Rxd3
21. Kf1 $11) 16. Bd2 Qd7 17. b4 axb4 18. cxb4 Nd4 19. Nxd4 Bxd4 20. Rab1 (20.
Bc3 Qc6 21. Rec1 $11) 20... Rbd8 $11 (20... Re6 $5) 21. Re2 (21. Bc3 $11) 21...
c6 22. Kh2 Rc8 23. Nf5 Ba7 24. Rb3 d4 25. a5 b5 $5 (25... Nd5 $11) 26. Re1 Qe6
27. Qd1 Kh7 28. Rb2 Ng8 29. f4 (29. Qg4 $5 g6 30. Nh4 $14) 29... Bb8 30. Qf3
Qf6 31. Rf1 c5 32. bxc5 Rxc5 33. fxe5 Bxe5+ 34. Kg1 Rec8 35. Qg4 Rc2 36. Rfb1
g6 37. Ng3 $2 {Stellt eine Figur ein.} (37. Nh4 h5 38. Qg5 $16) 37... h5 38.
Nxh5 (38. Qf3 Qxf3 39. gxf3 Bxg3 $19) 38... gxh5 39. Qxh5+ Nh6 40. Rf1 Qg6 41.
Qxg6+ Kxg6 {Mit zwei Bauern für die Figur ist die Partie noch lange nicht
entschieden.} 42. Rfb1 f6 43. Kf1 Nf7 44. Ke1 Rxb2 45. Rxb2 Nd6 46. Kd1 Kf7 47.
Rc2 Rg8 (47... Rxc2 $6 48. Kxc2 {erleichtert die weiße Aufgabe, da die
schwarzsne Leichtfiguren alleine die weißen Bauern weniger gut angreifen
können als der Turm.}) 48. g4 Ke6 49. Bb4 Kd7 50. Rc5 Rh8 (50... Ke6 51. Rc6
Kd7 52. Rc5) 51. g5 Rxh3 52. gxf6 Ke6 53. Kc2 Bxf6 54. a6 Rh8 55. Rd5 Be5 56.
Bxd6 $6 ({Nach} 56. a7 Ra8 57. Bc5 Nb7 58. Bb6 {wäre ein Gewinn sehr
schwierig.}) 56... Bxd6 57. Rxb5 Rc8+ 58. Kb2 Bc5 59. Kb3 Kd6 60. Rb7 Rc6 61.
Rh7 Rb6+ 62. Kc2 Rb8 63. Rh6+ Kc7 64. Rg6 Ba7 65. Rh6 Rb5 66. Rg6 Rb4 (66...
Bc5 67. Rg7+ Kb6 68. Rg6+ Ka5 $19) 67. e5 $2 ({Sofort remis macht} 67. Rg7+ Kb8
({Nicht etwa} 67... Kb6 $2 68. Rb7+ {und plötzlich gewinnt Weiß.}) 68. Rg8+
Kc7 69. Rg7+) 67... Rb8 68. e6 Bc5 69. Rh6 Kd6 70. Rg6 ({Ein Versuch war noch} 
70. Rh5 {mit der Idee} Bb4 (70... Ra8 $17) 71. a7 Rc8+ 72. Kb3 Bc5 73. Rh7 Kxe6
74. Rc7 $1 $11) 70... Re8 (70... Ba3 $19) 71. e7+ Kc7 (71... Kxe7 $6 72. Kb3 {
und Weiß hält sich.}) 72. Kb3 Rxe7 73. Kc4 Ba7 74. Rh6 Rd7 75. Rh1 $2 (75.
Kb5 $2 Rd5+ 76. Kc4 Rc5+ 77. Kb4 Rc6 $19) (75. Rh4 $1 Rd6 76. Kb5 Rd5+ 77. Kb4
Kc6 78. Kc4 Rc5+ 79. Kb4 Rc2 80. Rh6+ Kd5 81. Rh5+ {reicht offenbar noch zum
Remis.}) 75... Rd6 76. Ra1 Rc6+ 77. Kd5 (77. Kb5 Rc5+ 78. Kb4 Kb6 79. Ra2 Rc3
$19) 77... Rc5+ 78. Ke4 Kd6 79. Rh1 Re5+ 80. Kf4 Re7 81. Rb1 Kc6 82. Kf5 Bb6
83. Ra1 Kb5 84. Ra2 Ra7 85. Ke5 Rxa6 86. Rb2+ Kc6 0-1

[Event "Philadelphia op 8th"]
[Site "Philadelphia"]
[Date "2014.04.17"]
[Round "2"]
[White "Kamsky, Gata"]
[Black "Chandra, Akshat"]
[Result "1-0"]
[WhiteElo "2714"]
[BlackElo "2370"]
[PlyCount "77"]
[EventDate "2014.04.16"]
[EventType "swiss"]
[EventRounds "9"]
[EventCountry "USA"]
[SourceTitle "CBM 159 Extra"]
[Source "ChessBase"]
[SourceDate "2014.04.24"]
[SourceVersion "1"]
[SourceVersionDate "2014.04.24"]
[SourceQuality "1"]

1. e4 c5 2. Nf3 e6 3. d3 Nc6 4. g3 e5 5. Bg2 g6 6. a3 Bg7 7. Nbd2 Nge7 8. h4 h6
9. b4 d6 10. c3 Be6 11. Bb2 O-O 12. O-O Qd7 13. b5 Nd8 14. a4 Bh3 15. Qb3 Bxg2
16. Kxg2 Ne6 17. Rae1 Kh8 18. d4 cxd4 19. cxd4 exd4 20. e5 Nc5 21. Qa3 b6 22.
Bxd4 Nf5 23. Bxc5 dxc5 24. Re4 Qe6 25. Qb3 Qxb3 26. Nxb3 a6 27. Nbd2 axb5 28.
axb5 Ra5 29. Rb1 Ne7 30. Nc4 Ra4 31. Rd1 Rb4 32. Rd7 Nc8 33. Rc7 Kg8 34. Rf4
Rxb5 35. e6 Rb4 36. Rfxf7 Rxf7 37. exf7+ Kf8 38. Nce5 Ne7 39. Rb7 1-0

[Event "Philadelphia op 8th"]
[Site "Philadelphia"]
[Date "2014.04.17"]
[Round "3"]
[White "Sevian, Samuel"]
[Black "Kamsky, Gata"]
[Result "1/2-1/2"]
[WhiteElo "2438"]
[BlackElo "2714"]
[PlyCount "78"]
[EventDate "2014.04.16"]
[EventType "swiss"]
[EventRounds "9"]
[EventCountry "USA"]
[SourceTitle "CBM 159 Extra"]
[Source "ChessBase"]
[SourceDate "2014.04.24"]
[SourceVersion "1"]
[SourceVersionDate "2014.04.24"]
[SourceQuality "1"]

1. e4 g6 2. d4 Bg7 3. Nf3 c6 4. Be2 d5 5. e5 f6 6. exf6 exf6 7. O-O Ne7 8. c4
Be6 9. b3 O-O 10. Nc3 Nd7 11. Bb2 Re8 12. Re1 Bf7 13. Bf1 a6 14. a4 Nf5 15.
Rxe8+ Qxe8 16. Qc2 Bf8 17. Re1 Qd8 18. c5 a5 19. Bd3 Ng7 20. Ne2 Ne6 21. Ng3
Bh6 22. h4 f5 23. h5 Qf6 24. Bc3 Bf4 25. Qb2 Bc7 26. Qd2 Bf4 27. Qb2 Ng5 28.
Ne5 Nxe5 29. dxe5 Qe7 30. Ne2 Ne6 31. Nxf4 Nxf4 32. e6 Nxd3 33. exf7+ Qxf7 34.
Qe2 Nxe1 35. Qe5 Kf8 36. Qh8+ Qg8 37. Qf6+ Qf7 38. Qh8+ Qg8 39. Qf6+ Qf7
1/2-1/2

[Event "Philadelphia op 8th"]
[Site "Philadelphia"]
[Date "2014.04.18"]
[Round "4"]
[White "Kamsky, Gata"]
[Black "Fishbein, Alexander"]
[Result "1-0"]
[WhiteElo "2714"]
[BlackElo "2485"]
[PlyCount "87"]
[EventDate "2014.04.16"]
[EventType "swiss"]
[EventRounds "9"]
[EventCountry "USA"]
[SourceTitle "CBM 159 Extra"]
[Source "ChessBase"]
[SourceDate "2014.04.24"]
[SourceVersion "1"]
[SourceVersionDate "2014.04.24"]
[SourceQuality "1"]

1. e4 c5 2. Nf3 d6 3. h3 Nf6 4. Nc3 Nc6 5. Bb5 Bd7 6. d3 e6 7. O-O Be7 8. a3
O-O 9. Bc4 Rc8 10. Ba2 Qb6 11. Nd2 Nd4 12. Nc4 Qc7 13. Bg5 Bc6 14. Ne3 Ne8 15.
Bf4 Qd8 16. Qd2 Nc7 17. Rae1 Kh8 18. b4 b6 19. bxc5 dxc5 20. a4 Bd6 21. Bxd6
Qxd6 22. f4 Qe7 23. a5 Rcd8 24. axb6 axb6 25. Ned5 exd5 26. exd5 Qf6 27. dxc6
Nxc6 28. f5 Rfe8 29. Rxe8+ Rxe8 30. Kh1 Nb4 31. Bb3 Rd8 32. Ne4 Qe7 33. f6 gxf6
34. Qh6 Rg8 35. Nxf6 Rg7 36. Rg1 Ne6 37. Re1 c4 38. dxc4 Qd6 39. c5 Qg3 40. Qd2
Qg6 41. Rxe6 fxe6 42. Qd8+ Rg8 43. Nxg8 Qxg8 44. Qxb6 1-0

[Event "Philadelphia op 8th"]
[Site "Philadelphia"]
[Date "2014.04.18"]
[Round "5"]
[White "Kamsky, Gata"]
[Black "Panchanathan, Magesh Chandran"]
[Result "1/2-1/2"]
[WhiteElo "2714"]
[BlackElo "2557"]
[PlyCount "76"]
[EventDate "2014.04.16"]
[EventType "swiss"]
[EventRounds "9"]
[EventCountry "USA"]
[SourceTitle "CBM 159 Extra"]
[Source "ChessBase"]
[SourceDate "2014.04.24"]
[SourceVersion "1"]
[SourceVersionDate "2014.04.24"]
[SourceQuality "1"]

1. e4 e5 2. Nf3 Nc6 3. Bb5 a6 4. Ba4 Nf6 5. O-O Be7 6. Re1 b5 7. Bb3 d6 8. c3
O-O 9. d4 Bg4 10. d5 Na5 11. Bc2 c6 12. h3 Bc8 13. dxc6 Qc7 14. Bg5 Qxc6 15.
Nbd2 h6 16. Bh4 Be6 17. Rc1 Rae8 18. Bb1 Nc4 19. b3 Nxd2 20. Qxd2 Nh5 21. Bxe7
Rxe7 22. Bd3 Nf4 23. Bf1 f5 24. exf5 Rxf5 25. Re3 Ref7 26. Rd1 Bd5 27. Ne1 Qb6
28. c4 Bc6 29. Qxd6 Nxh3+ 30. gxh3 Qxe3 31. fxe3 Rxf1+ 32. Kh2 Rh1+ 33. Kg3
Rg1+ 34. Kh4 Be8 35. Qe6 Kf8 36. Qd6+ Kg8 37. Qe6 Kf8 38. Qd6+ Kg8 1/2-1/2

[Event "Philadelphia op 8th"]
[Site "Philadelphia"]
[Date "2014.04.19"]
[Round "6"]
[White "Shabalov, Alexander"]
[Black "Kamsky, Gata"]
[Result "1/2-1/2"]
[WhiteElo "2501"]
[BlackElo "2714"]
[PlyCount "103"]
[EventDate "2014.04.16"]
[EventType "swiss"]
[EventRounds "9"]
[EventCountry "USA"]
[SourceTitle "CBM 159 Extra"]
[Source "ChessBase"]
[SourceDate "2014.04.24"]
[SourceVersion "1"]
[SourceVersionDate "2014.04.24"]
[SourceQuality "1"]

1. d4 Nf6 2. c4 e6 3. Nf3 b6 4. Nc3 Bb4 5. Bg5 Bb7 6. Nd2 h6 7. Bh4 Be7 8. e4
O-O 9. Bd3 Nc6 10. Ne2 e5 11. dxe5 Nxe5 12. Bc2 Bb4 13. a3 Bxd2+ 14. Qxd2 Re8
15. O-O Nxc4 16. Qc3 d5 17. b3 Nd6 18. e5 Nde4 19. Qb2 g5 20. f3 gxh4 21. fxe4
Nxe4 22. Nf4 Qg5 23. e6 fxe6 24. Bxe4 dxe4 25. Rac1 Re7 26. Nh3 Qg7 27. Qe2 e5
28. Nf2 Rf8 29. Ng4 Rf4 30. h3 e3 31. Rcd1 Qf8 32. Nxe3 Ref7 33. Rxf4 exf4 34.
Ng4 h5 35. Ne5 Rg7 36. Nf3 Qe7 37. Qc4+ Kh7 38. Re1 Qd6 39. Nxh4 f3 40. Qc2+
Kg8 41. Re8+ Kf7 42. Re3 Qf4 43. Qd2 f2+ 44. Qxf2 Qxf2+ 45. Kxf2 Kf6 46. Rd3
Be4 47. Rd8 c5 48. Nf3 Bxf3 49. gxf3 Kg5 50. Kg3 Kf5+ 51. Kf2 Kg5 52. Kg3
1/2-1/2

[Event "Philadelphia op 8th"]
[Site "Philadelphia"]
[Date "2014.04.19"]
[Round "7"]
[White "Kamsky, Gata"]
[Black "Troff, Kayden W"]
[Result "1-0"]
[WhiteElo "2714"]
[BlackElo "2477"]
[PlyCount "75"]
[EventDate "2014.04.16"]
[EventType "swiss"]
[EventRounds "9"]
[EventCountry "USA"]
[SourceTitle "CBM 159 Extra"]
[Source "ChessBase"]
[SourceDate "2014.04.24"]
[SourceVersion "1"]
[SourceVersionDate "2014.04.24"]
[SourceQuality "1"]

1. d4 Nf6 2. Nf3 g6 3. Bf4 Bg7 4. c3 O-O 5. h3 d5 6. e3 b6 7. a4 a6 8. Nbd2 Bb7
9. Be2 c5 10. O-O Nc6 11. Ne5 Nxe5 12. Bxe5 Nd7 13. Bxg7 Kxg7 14. f4 e6 15. Nf3
a5 16. dxc5 bxc5 17. b4 Ba6 18. Bxa6 Rxa6 19. b5 Ra8 20. Qc2 Qf6 21. c4 Qf5 22.
Qc3+ Qf6 23. Ne5 dxc4 24. Rac1 Nxe5 25. fxe5 Qg5 26. Rcd1 Rfd8 27. Rd6 Kf8 28.
Rxe6 Kg8 29. Ref6 Rd7 30. Kh1 Rad8 31. Qxc4 Rd2 32. Qxf7+ Kh8 33. Qb7 Rd1 34.
Qf3 Qxe5 35. Rxd1 Rxd1+ 36. Qxd1 Qxf6 37. Qd5 Qe7 38. b6 1-0

[Event "Philadelphia op 8th"]
[Site "Philadelphia"]
[Date "2014.04.20"]
[Round "8"]
[White "Oleksienko, Mikhailo"]
[Black "Kamsky, Gata"]
[Result "0-1"]
[WhiteElo "2618"]
[BlackElo "2714"]
[PlyCount "78"]
[EventDate "2014.04.16"]
[EventType "swiss"]
[EventRounds "9"]
[EventCountry "USA"]
[SourceTitle "CBM 159 Extra"]
[Source "ChessBase"]
[SourceDate "2014.04.24"]
[SourceVersion "1"]
[SourceVersionDate "2014.04.24"]
[SourceQuality "1"]

1. d4 f5 2. Nf3 Nf6 3. g3 g6 4. Bg2 Bg7 5. O-O d6 6. b3 O-O 7. Bb2 c6 8. c4 a5
9. a3 Kh8 10. Nbd2 Na6 11. Qc2 Nc7 12. Rfe1 Bd7 13. e4 fxe4 14. Nxe4 Bf5 15.
Nh4 Nxe4 16. Bxe4 Bxe4 17. Qxe4 e6 18. a4 Qd7 19. Nf3 Rf5 20. Re2 d5 21. Qe3
Raf8 22. Nh4 R5f6 23. f4 Ne8 24. c5 Bh6 25. Nf3 Ng7 26. Rae1 Rf5 27. Ne5 Qe7
28. Ng4 Bxf4 29. gxf4 Rxf4 30. h3 Rf3 31. Qh6 Qf7 32. Bc1 Rf1+ 33. Kh2 Qf3 34.
Rg2 Rxe1 35. Ne5 Rxe5 36. dxe5 Qe4 37. Qg5 Nf5 38. Qg4 Qxe5+ 39. Bf4 Qf6 0-1